|
|
|
|
| LEADER |
00000naa2a2200000 4500 |
| 001 |
380937 |
| 005 |
20231101062744.0 |
| 035 |
|
|
|a (RuTPU)RU\TPU\prd\2908
|
| 090 |
|
|
|a 380937
|
| 100 |
|
|
|a 20020409a2002 k y0rusy50 ca
|
| 101 |
0 |
|
|a rus
|
| 102 |
|
|
|a RU
|
| 200 |
1 |
|
|a Опыт автоматизации процесса реабилитации грунта на экспериментальной установке ФГУП ВНИИНМ им. А. А. Бочвара
|f Н. А. Науменко, В. Г. Андронов, В. И. Щербатых, В. Д. Жданов
|
| 225 |
1 |
|
|a TRACE MODE в других отраслях промышленности
|
| 461 |
|
1 |
|0 (RuTPU)RU\TPU\prd\1687
|t Приборы и системы. Управление, контроль, диагностика
|o научно-технический и производственный журнал
|d 2000-
|
| 463 |
|
1 |
|0 (RuTPU)RU\TPU\prd\2116
|t № 1
|v С. 67-70
|d 2002
|
| 610 |
1 |
|
|a автоматизация
|
| 610 |
1 |
|
|a экспериментальные установки
|
| 610 |
1 |
|
|a предприятия
|
| 610 |
1 |
|
|a очистка грунта
|
| 610 |
1 |
|
|a АСУТП
|
| 610 |
1 |
|
|a разработка
|
| 610 |
1 |
|
|a контроль
|
| 610 |
1 |
|
|a структурная схема
|
| 610 |
1 |
|
|a технологическая схема
|
| 701 |
|
1 |
|a Науменко
|b Н. А.
|
| 701 |
|
1 |
|a Андронов
|b В. Г.
|
| 701 |
|
1 |
|a Щербатых
|b В. И.
|
| 701 |
|
1 |
|a Жданов
|b В. Д.
|
| 801 |
|
1 |
|a RU
|b 63413507
|c 20020409
|g PSBO
|
| 801 |
|
2 |
|a RU
|b 63413507
|c 20121008
|g PSBO
|
| 942 |
|
|
|c BK
|